000 01172nam a2200229 i 4500
001 147311
003 ES-MaACL
005 20250918211512.0
007 t|
008 070927m19661971sp cf ||||1|dspa d
080 _a821.134.2"19"
100 1 _aUnamuno, Miguel de,
_d1864-1936
_9111982
245 1 0 _aObras completas /
_cMiguel de Unamuno ; [introducción, bibliografías y notas de Manuel García Blanco].
260 _a[Madrid] :
_bEscelicer,
_c[1966-1971]
300 _a9 v. :
_bil. ;
_c22 cm.
505 8 _aContiene: 1. Paisajes y ensayos (1307 p.) - 2. Novelas (1240 p.) - 3. Nuevos ensayos (1371 p.) - 4. La raza y la lengua (1467 p.) - 5. Teatro completo y monodiálogos (1226 p.) - 6. Poesía (1500 p.) - 7. Meditaciones y ensayos espirituales (1547 p.) - 8. Autobiografía y recuerdos personales (1270 p.) - 9. Discursos y artículos (1619 p.)
505 8 _aEn v. 8: La evolución del Ateneo de Madrid (publ. en La Nación, 24 de enero 1916), p. 367-373
610 2 4 _aAteneo de Madrid-
_vHistoria-
_vRelatos personales
_91926
700 1 _aGarcía Blanco, Manuel,
_d1902-1966
_954272
852 _aES-MaACL
_jA-5933-41
999 _c147311
_d147311